UBT Library

Family medicine board review: (Record no. 1861)

000 -LEADER
fixed length control field 00325nam a22001337a 4500
008 - FIXED-LENGTH DATA ELEMENTS--GENERAL INFORMATION
fixed length control field 160506b xxu||||| |||| 00| 0 eng d
020 ## - INTERNATIONAL STANDARD BOOK NUMBER
International Standard Book Number 9780781772877
020 ## - INTERNATIONAL STANDARD BOOK NUMBER
International Standard Book Number 10781772877
020 ## - INTERNATIONAL STANDARD BOOK NUMBER
International Standard Book Number 9780781772877
041 ## - LANGUAGE CODE
Language code of text/sound track or separate title eng
080 ## - UNIVERSAL DECIMAL CLASSIFICATION NUMBER
Universal Decimal Classification number 61
245 ## - TITLE STATEMENT
Title Family medicine board review:
Statement of responsibility, etc Robert L.Bratton MD;
942 ## - ADDED ENTRY ELEMENTS (KOHA)
Source of classification or shelving scheme
Item type Books
Holdings
Withdrawn status Lost status Source of classification or shelving scheme Damaged status Not for loan Collection code Permanent location Current location Shelving location Date acquired Total Checkouts Full call number Barcode Date last seen Price effective from Koha item type
          Koleksioni i përgjithshem UBT - Lipjan UBT - Lipjan Koleksioni i përgjithshem 05/06/2016   61 BRA 002-028258 05/06/2016 05/06/2016 Books
UBT Library © 2015-2024. All rights reserved University Education for Business and Technology